000 004010000a22001570004500
003 LK-CoMWRAF
008 230817t ||||| |||| 00| 0 eng d
040 _aLK-CoMWRAF
_dLK-CoMWRAF
_eLK-CoMWRAF
041 _aeng
082 _a380
_bINC
245 _aIncreasing women's political awareness and consciousness
_ba training manual
260 _bAPWIP
300 _ap.42
650 _aWomen
942 _cBK
999 _c2637
_d2637